000
00316nam a22001337a 4500
008
181102b xxu||||| |||| 00| 0 eng d
020
_a
0314211128
041
_a
eng
080
_a
341
100
_a
15
101
_a
JUR
245
_a
Cratuitous Transfers Succers Trust Gifts Future
_c
Clark.E
942
_2
udc
_c
BK
999
_c
51723
_d
51723